Ekonomická efektívnosť investícií o optimálnom objeme investičnej výstavby

Gespeichert in:
Bibliographische Detailangaben
1. Verfasser: Kočtúch, Hvezdoň Dušan
Format: Buch
Sprache:Slowakisch
Veröffentlicht: Bratislava Osveta 1959
Schlagworte:
Tags: Tag hinzufügen
Keine Tags, Fügen Sie das erste Tag hinzu!

MARC

LEADER 00000nam a2200000 4500
001 c033351
005 20241204064920.7
041 0 |a slo 
044 |a SK 
245 1 0 |a Ekonomická efektívnosť investícií  |b o optimálnom objeme investičnej výstavby  |c H.D. Kočtúch 
264 1 |a Bratislava  |b Osveta  |c 1959 
300 |a 450 s. 
610 2 0 |a ČSR 
610 2 0 |a investície 
610 2 0 |a socializmus 
610 2 0 |a výstavba investičná 
610 2 0 |a dôchodok národný 
610 2 0 |a bilancia ekonomická 
610 2 0 |a efektívnosť investícií ekonomická 
100 1 |a Kočtúch, Hvezdoň Dušan